Państwa położone najbliżej Polski, które z nią nie graniczą - Statystyki

Ogólne statystyki
  • Ten quiz został rozwiązany 35 razy
  • Średni wynik to 18 z 20
Statystyki odpowiedzi
km Państwo % Poprawnych
94 Dania
100%
76 Węgry
100%
143 Austria
97%
154 Szwecja
97%
396 Estonia
94%
518 Francja
94%
464 Holandia
94%
190 Łotwa
94%
101 Rumunia
94%
345 Słowenia
94%
454 Włochy
94%
482 Bośnia i Hercegowina
91%
370 Chorwacja
91%
287 Mołdawia
91%
600 Belgia
88%
534 Bułgaria
88%
598 Norwegia
88%
334 Serbia
88%
537 Szwajcaria
88%
556 Liechtenstein
82%
Nie znaleziono quizów pasujących do podanych kryteriów
Rozkład punktacji
Procent ludzi z każdym wynikiem
Percentyl według liczby udzielonych odpowiedzi
Twoja historia wyników
Nie rozwiązałeś tego quizu